000 00306nam a22001337a 4500
020 _a817826333-5
082 _a823
_bROH/U
100 _aROHAN BOOK COMPANY
245 _aTHE UGLY DUCKLING
260 _aDELHI
_bROHAN BOOK COMPANY
_c2003
300 _a221
650 _aMODERN ILLUSTRATED CLASSICS
942 _cBK
999 _c300
_d300